banner-ar

الموسوعة التربوية لرياض الاطفال فى مبادى الحساب للمبتدئين (المستوى الاول) / (Record no. 44638)

MARC details
000 -الفاتح
حقل البيانات ثابتة الطول 00545nam a2200157Ia 4500
008 - عناصر البيانات ثابتة الطول - معلومات عامة
حقل البيانات ثابتة الطول 140319s9999 xx 000 0 ara d
040 ## - مصدر الفهرسة
وكالة الفهرسة الأصلية GCL /
وكالة النسخ GCL
082 04 - رقم تصنيف ديوى العشرى
رقم التصنيف ط
رقم المادة 372.1
-- ن م
100 1# - المدخل الرئيسى - إسم شخصى
الإسم الشخصى نوال محمد عبدالعزيز
245 10 - بيان العنوان
العنوان الموسوعة التربوية لرياض الاطفال فى مبادى الحساب للمبتدئين (المستوى الاول) /
بيان المسئوليه,etc نوال محمد عبدالعزيز
490 ## - بيان السلسلة
عنوان السلسلة
650 04 - المدخل الاضافى بالموضوع-مصطلح موضوعى
مصطلح موضوعي الاطفال
650 04 - المدخل الاضافى بالموضوع-مصطلح موضوعى
مصطلح موضوعي تعليم الاطفال
942 ## - عناصر المدخل الإضافي( كوها)
مصدر التصنيف او مخطط الترفيف Dewey Decimal Classification
Koha [default] item type كتاب
Holdings
حالة التراجع حالة الفقد حالة تلف ليس للاعارة المكان المؤقت الموقع الحالى تاريخ الاكتساب اجمالي اﻻعارات رقم الطلب الباركود تاريخ اخر مشاهدة تاريخ تفعيل السعر نوع وعاء كوها
        مكتبة القاهرة الكبرى مكتبة القاهرة الكبرى 03/26/2014   ط\372.1\ن م 108962 03/26/2014 03/26/2014 كتاب
        مكتبة القاهرة الكبرى مكتبة القاهرة الكبرى 03/26/2014   ط\372.1\ن م 108963 03/26/2014 03/26/2014 كتاب
        مكتبة القاهرة الكبرى مكتبة القاهرة الكبرى 03/26/2014   ط\372.1\ن م 108964 03/26/2014 03/26/2014 كتاب

Powered By

EGPV